Antická dramata : Julius Caesar, Antonius a Kleopatra, Koriolanus, Troilus a Kressida / William Shakespeare ; z angl. přel. E. A. Saudek, část přel. Aloys Skoumal ; text překladů E. A. Saudka a pozn. pro toto vyd. připravil Vojtěch Saudek ; doslov Zdeněk Stříbrný
Record details
- Physical Description: 539 s. ; 21 cm
- Edition: 1. vyd. v tomto souboru v Odeonu
- Publisher: Praha : Odeon, 1983
Content descriptions
| General Note: | 15000 výt. Obálka a vazba Aleš Krejča |
Search for related items by series
Available copies
- 1 of 1 copy available at Common Catalog SPOK.
Holds
- 0 current holds with 1 total copy.
Show Only Available Copies
| Location | Call Number / Copy Notes | Barcode | Shelving Location | Status | Due Date |
|---|---|---|---|---|---|
| KDS Library | 820 ShW | 204576801602 | Library | Available | - |
| LDR | 01553nam a2200433 4500 | ||
|---|---|---|---|
| 001 | 21225 | ||
| 003 | CZ-PrJAB | ||
| 005 | 20150714055823.0 | ||
| 007 | tu | ||
| 008 | 830426s1983 xr u0|0 cze | ||
| 015 | . | ‡acnb000000872 | |
| 020 | . | ‡q(Váz.) : ‡cKčs 39,00 | |
| 035 | . | ‡a(CZ PrNK)ck8300853 | |
| 035 | . | ‡a(OCoLC)63082634 | |
| 040 | . | ‡aABA001 ‡bcze ‡dABA001 | |
| 041 | 1 | . | ‡acze ‡heng |
| 080 | . | ‡a820-21 ‡2undef | |
| 100 | 1 | . | ‡aShakespeare, William, ‡d1564-1616 ‡7jn19981002129 ‡4aut |
| 245 | 1 | 0. | ‡aAntická dramata : ‡bJulius Caesar, Antonius a Kleopatra, Koriolanus, Troilus a Kressida / ‡cWilliam Shakespeare ; z angl. přel. E. A. Saudek, část přel. Aloys Skoumal ; text překladů E. A. Saudka a pozn. pro toto vyd. připravil Vojtěch Saudek ; doslov Zdeněk Stříbrný |
| 246 | 3 | 0. | ‡aJulius Caesar |
| 246 | 3 | 0. | ‡aAntonius Kleopatra |
| 246 | 3 | 0. | ‡aKoriolanus |
| 246 | 3 | 0. | ‡aTroilus a Kressida |
| 250 | . | ‡a1. vyd. v tomto souboru v Odeonu | |
| 260 | . | ‡aPraha : ‡bOdeon, ‡c1983 ‡e(Čes. Těšín : ‡fTisk 3) | |
| 300 | . | ‡a539 s. ; ‡c21 cm | |
| 490 | 1 | . | ‡aGalérie klasiků |
| 500 | . | ‡a15000 výt. | |
| 500 | . | ‡aObálka a vazba Aleš Krejča | |
| 700 | 1 | . | ‡aSaudek, Erik Adolf, ‡d1904-1963 ‡7jk01110423 ‡4trl |
| 700 | 1 | . | ‡aSaudek, Vojtěch ‡7jk01110431 ‡4aut |
| 700 | 1 | . | ‡aSkoumal, Aloys, ‡d1904-1988 ‡7jk01111589 ‡4trl |
| 700 | 1 | . | ‡aStříbrný, Zdeněk, ‡d1922-2014 ‡7jk01121546 ‡4aui |
| 740 | 0 | 2. | ‡aKoriolanus |
| 740 | 0 | 2. | ‡aTroilus a Kressida |
| 740 | 0 | 2. | ‡aAntonius a Kleopatra |
| 740 | 0 | 2. | ‡aJulius Caesar |
| 830 | 0. | ‡aGalérie klasiků | |
| 910 | . | ‡aABE463 | |
| 998 | . | ‡a000000872 | |
| 901 | . | ‡a21225 ‡b ‡c21225 ‡tbiblio | |